000 00396nam a22001577a 4500
999 _c258897
_d258896
003 OSt
005 20200728102850.0
008 200728b xxu||||| |||| 00| 0 eng d
020 _a0534646972
040 _cN/A
100 _aRudolf F. Verderber et al
245 _aChallenges of effective speaking
250 _a13 edition
260 _aBelmont,CA
_bThomson Wadsworth
_c2006
942 _2lcc
_cBK